Distance learning : a step-by-step guide for trainers
Αποθηκεύτηκε σε:
| Κύριος συγγραφέας: | |
|---|---|
| Άλλοι συγγραφείς: | |
| Μορφή: | Βιβλίο |
| Γλώσσα: | English |
| Δημοσίευση: |
Alexandria, VA :
American Society for Training and Development,
c1997
|
| Θέματα: | |
| Ετικέτες: |
Προσθήκη ετικέτας
Δεν υπάρχουν, Καταχωρήστε ετικέτα πρώτοι!
|
MARC
| LEADER | 00000nam a2200000 i 4500 | ||
|---|---|---|---|
| 001 | 1/4093 | ||
| 008 | 000524s1997 eng d | ||
| 020 | |a 1-56286-060-7 | ||
| 035 | |l 10061032 | ||
| 040 | |a GR-MY-UA |b gre |e aacr | ||
| 041 | 0 | |a eng | |
| 082 | 0 | |a 371.35 | |
| 100 | 1 | |a Mantyla, Karen. | |
| 245 | 1 | 0 | |a Distance learning : |b a step-by-step guide for trainers / |c Karen J. Mantyla, J. Richard Gividen |
| 260 | |a Alexandria, VA : |b American Society for Training and Development, |c c1997 | ||
| 300 | |a vii, 179 p. | ||
| 504 | |a Includes bibliography and index | ||
| 650 | 0 | 0 | |a Distance education. |
| 650 | 0 | 0 | |a Educational technology. |
| 650 | 0 | 0 | |a Telecommunication in education. |
| 700 | 1 | |a Gividen, J. Richard. | |
| 852 | |a INST |b CHIOS |e 20000524 |h 371.35 MAN |p 005200017608 |q 005200017608 |t BK |y 0 | ||
| 901 | |a BIBL2-2000-2 | ||
| 909 | |a Χ |b 077973 | ||
| 922 | |a 2ΕΛΗ |b 200005 |c ΤΔΕ |d ΠΑΠΑΣΩΤΗΡΙΟΥ | ||
| 950 | |a 112-1999-11-03 | ||
| 970 | |a ΣΠΕΝΤΖΑ |b ΕΛΕΝΗ |z 2000/05/30 | ||